More games for the super intelligent (Record no. 33444)

MARC details
000 -LEADER
fixed length control field 00279nam a2200109Ia 4500
082 ## - DEWEY DECIMAL CLASSIFICATION NUMBER
Classification number 159.928
Item number FIX
100 ## - MAIN ENTRY--AUTHOR NAME
Personal name FIXX, James F
245 #0 - TITLE STATEMENT
Title More games for the super intelligent
260 ## - PUBLICATION, DISTRIBUTION, ETC. (IMPRINT)
Place of publication New York
Name of publisher Popular
Year of publication 1972
942 ## - ADDED ENTRY ELEMENTS (KOHA)
Koha item type Books
Holdings
Withdrawn status Lost status Damaged status Not for loan Home library Current library Date acquired Full call number Accession Number Koha item type
        RRII Library RRII Library 16/12/2021 159.928 FIX 13941 Books